Catálogo

La nueva desigualdad social mexicana / (Registro nro. 30649)

Detalles MARC
000 -LEADER
fixed length control field 01150cam a2200337 i 4500
001 - CONTROL NUMBER
control field 30649
003 - CONTROL NUMBER IDENTIFIER
control field Mx-PuUPA
005 - DATE AND TIME OF LATEST TRANSACTION
control field 20260128204244.0
008 - FIXED-LENGTH DATA ELEMENTS--GENERAL INFORMATION
fixed length control field 140415s2007 mx gr 000 0 spa d
020 ## - INTERNATIONAL STANDARD BOOK NUMBER
International Standard Book Number 9789707019379
040 ## - CATALOGING SOURCE
Original cataloging agency Mx-PuUPA
Language of cataloging spa
Transcribing agency Mx-PuUPA
Modifying agency Mx-PuUPA
Description conventions rda
041 0# - LANGUAGE CODE
Language code of text/sound track or separate title spa
043 ## - GEOGRAPHIC AREA CODE
Geographic area code n-mx---
100 1# - MAIN ENTRY--PERSONAL NAME
Personal name Vite Pérez, Miguel Angel,
9 (RLIN) 17794
Relator term autor
245 13 - TITLE STATEMENT
Title La nueva desigualdad social mexicana /
Statement of responsibility, etc. Miguel Ángel Vite Pérez
250 ## - EDITION STATEMENT
Edition statement Primera edición /
Remainder of edition statement agosto
264 #1 - PRODUCTION, PUBLICATION, DISTRIBUTION, MANUFACTURE, AND COPYRIGHT NOTICE
Place of production, publication, distribution, manufacture México, D.F. ;
Name of producer, publisher, distributor, manufacturer Miguel Ángel Porrúa, librero -editor,
Date of production, publication, distribution, manufacture, or copyright notice 2007
300 ## - PHYSICAL DESCRIPTION
Extent 191 páginas ;
Dimensions 21 cm
336 ## - CONTENT TYPE
Fuente rdacontent
Content type term texto
Content type code txt
337 ## - MEDIA TYPE
Source rdamedia
Media type term sin medio
Media type code n
338 ## - CARRIER TYPE
Source rdacarrier
Carrier type term volumen
Carrier type code nc
490 0# - SERIES STATEMENT
Series statement Las Ciencias Sociales
650 #7 - SUBJECT ADDED ENTRY--TOPICAL TERM
Source of heading or term armarc
Topical term or geographic name entry element Igualdad
Geographic subdivision México
650 #7 - SUBJECT ADDED ENTRY--TOPICAL TERM
Source of heading or term armarc
Topical term or geographic name entry element Integración social
Geographic subdivision México
650 #7 - SUBJECT ADDED ENTRY--TOPICAL TERM
Source of heading or term armarc
Topical term or geographic name entry element Marginalidad social
Geographic subdivision México
651 #4 - SUBJECT ADDED ENTRY--GEOGRAPHIC NAME
Geographic name México
General subdivision Discriminación
-- Aspectos sociales
651 #4 - SUBJECT ADDED ENTRY--GEOGRAPHIC NAME
Geographic name México
General subdivision Discriminación
-- Aspectos económicos
942 ## - ADDED ENTRY ELEMENTS (KOHA)
Source of classification or shelving scheme Dewey Decimal Classification
Koha item type Libro
Classification part 305.0972
Item part V83
Existencias
Withdrawn status Lost status Source of classification or shelving scheme Damaged status Not for loan Collection code Home library Current library Shelving location Date acquired Source of acquisition Total Checkouts Full call number Barcode Price effective from Koha item type Date last seen Copy number
    Dewey Decimal Classification     General Tehuacán Tehuacán Sala general 03/12/2013 Compra   300.1 504804 03/12/2013 Libro    
    Dewey Decimal Classification     General Tehuacán Tehuacán Sala general 03/12/2013 Compra   305.0972 V83 2007 968000002963 03/12/2013 Libro 03/03/2026 Ej.2
    Dewey Decimal Classification     General Tehuacán Tehuacán Sala general 03/12/2013 Compra   305.0972 V83 2007 968000002965 03/12/2013 Libro 03/03/2026 Ej.3
    Dewey Decimal Classification     General Tehuacán Tehuacán Sala general 03/12/2013 Compra   305.0972 V83 2007 968000002964 03/12/2013 Libro 08/01/2025